000 00879cab a2200229 4500
001 WB2804-18
008 090401t1992 xxu||||| |||| 00| 0 eng d
035 _a(Sirsi) u13022
041 _aeng
245 _aProperty affected by road building
260 _c1992
350 _a0
490 _aDepartment of Transport Press Notice
_v(16) 17 January 1992 (3)
520 _aNew guidelines on the extended power to buy property affected by road building, under Planning and Compensation Act 1991 s62, have been announced by the Roads and Transport Minister.
650 _aBLIGHTED PROPERTY
650 _aCompulsory purchase
_96228
650 _aHIGHWAYS ACT 1980 S246(2A)
650 _aPLANNING AND COMPENSATION ACT 1991 S62
690 _aENVIRONMENTAL AND LAND CONSULTANCY-PLANNING AND DEVELOPMENT-COMPULSORY PURCHASE AND COMPENSATION
942 _n0
948 _c04/03/1997
999 _c8369
_d8369